000 00829nam a2200253Ia 4500
003 OSt
005 20220928124217.0
006 a|||||r|||| 00| 0
007 ta
008 220927b |||||||| |||| 00| 0 eng d
020 _cUKP 125.00
024 _a143321
037 _b60431, 09/03/2020, Segment Book Distributors
_cTextual
040 _aSDCL
_cSDCL
_beng
041 _2eng
_aeng
082 _aX:5381, Q8
100 _aGranstrand Ove
_9463769
245 0 _aEvolving properties of intellectual capitalism
_b Patents and innovations for growth and welfare
260 _aCheltenham
_bEdward Elgar
_c2018
300 _axv,498p.
_ccm.
650 _aBusiness Economics
_9391653
942 _hX:5381, Q8
_cTEXL
_2CC
999 _c776649
_d776649